000 00633nam a2200229Ia 4500
003 OSt
005 20221007075334.0
006 a|||||r|||| 00| 0
007 ta
008 221006b |||||||| |||| 00| 0 eng d
024 _a17,047
037 _cTextual
040 _aFLL
_cFLL
_beng
041 _2eng
_aeng
082 _aX9(J)wN25, M0
100 _aSwaminathan M.S. Au.
_9693804
245 0 _aEconomic ecologists of india
260 _aNew Delhi
_bIndian environemental society India
_c1980
300 _a112p
_ccm.
942 _hX9(J)wN25, M0
_cTEXL
_2CC
999 _c1155685
_d1155685